000 00574nam a2200229Ia 4500
003 OSt
005 20220918203934.0
006 a|||||r|||| 00| 0
007 ta
008 220917b |||||||| |||| 00| 0 eng d
024 _a110,393
037 _cTextual
040 _aARTS
_cARTS
_beng
041 _2eng
_aeng
082 _aV46:19:N73, L4
100 _aHadawi S
_9110200
245 0 _aMiddle East reality
_b Between war and peace
260 _c1974
650 _aHISTORY
942 _hV46:19:N73, L4
_cTEXL
_2CC
999 _c233743
_d233743